00871nam a22002057a 4500999001700000008004100017020001500058050002200073100001900095245012000114260005400234300003100288500001900319650005100338650004800389650003800437700001900475942003700494952013400531 c15762d15762161104b xxu||||| |||| 00| 0 eng d a0874847931 aLC 4031 .G55 1988 aGloeckler, Ted aExceptional students in regular classrooms : bchallenges, services, and methods/cTed Gloeckler and Carol Simpson. aCalifornia :bMayfield publishing company,c1988. aix, 438p. :bill. ;c24cm. aInclude index. aHandicapped chidrenxeducationyUnited States. aMainstreaming in education xUnited States. aSpecial educationxUnited States. aSipson, Carol. 2lcccBOOKShLC 4031 .G55 198802 00102lcc4070aMUCbMUCcGENd2016-11-04eDonation(BFA)l2oLC 4031 .G55 1988p25608r2018-12-17s2018-12-11w2016-11-04yBOOKS